000
00306nam a22001217a 4500
082
_a
823
_b
SIM/H
100
_a
FRANCESCA SIMON
245
_a
HORRID HENRY
_b
HOW TO SURVIVE CHRISTMAS CHAOS
260
_a
GREAT BRITIAN
_b
ORION
_c
2011
300
_a
73
650
_a
CHILDREN'S STORY BOOK
_z
UNITED KINGDOM
942
_c
BK
999
_c
109
_d
109